Normal view MARC view
  • Galán Jiménez, Jaime Sebastián F.

Entry Nombre Personal

Number of records used in: 1

001 - NUMERO DE CONTROL

  • campo de control: 48130

003 - IDENTIFICADOR DE NUMERO DE CONTROL

  • campo de control: UPN

005 - FECHA Y HORA DE LA ÜLTIMA TRANSACCIÓN

  • campo de control: 20230502112242.0

008 - DATOS DE LONGITUD FIJA

  • campo de control de longitud fija: 230308|| acn||aabn | a|a d

024 ## - OTROS IDENTIFICADORES NORMALIZADOS

  • Fuente: orcid
  • Número normalizado o código: 0000-0002-8801-5201

040 ## - FUENTE DE CATALOGACIÓN

  • Agencia original de catalogación: MX-MxUPN

100 1# - ENCABEZAMIENTO - NOMBRE PERSONAL

  • Nombre personal: Galán Jiménez, Jaime Sebastián F.

370 ## - LUGAR ASOCIADO

  • Place of birth: San Luis Potosí, México

371 ## - DIRECCIÓN

  • Electronic mail address: psic.sebastiangalan@gmail.com

372 ## - CAMPO DE ACTIVIDAD

  • Field of activity: Psicología
  • Field of activity: Docencia

373 ## - GRUPO ASOCIADO

  • Associated group: Universidad Autónoma de San Luis Potosí

374 ## - OCUPACIÓN

  • Occupation: Psicólogo
  • Occupation: Profesor universitario

400 1# - VEÁSE - NOMBRE DE PERSONA

  • Personal name: Galán, Jaime Sebastián

400 1# - VEÁSE - NOMBRE DE PERSONA

  • Personal name: Galán Jiménez, Jaime Sebastián

670 ## - FUENTE EN LA QUE SE LOCALIZARON DATOS

  • Cita de la fuente: En recurso en línea Acta de investigación psicológica Vol. 12, no. 3 (2022):
  • Información localizada: página 5 (Jaime Sebastián F. Galán Jiménez)
  • Uniform Resource Identifier: https://www.revista-psicologia.unam.mx/revista_aip/index.php/aip/article/view/458/464

902 ## - CATALOGADOR

  • Catalogador: RGJD/020523